|
|
|
|
| LEADER |
00000nab a2200000 ar4500 |
| 001 |
vtls011876614 |
| 003 |
SK-MaSNL |
| 005 |
20260305040635.0 |
| 008 |
190712c20181106xo mr|p|||||||000 b|slo |
| 038 |
|
|
|a SNSK
|
| 040 |
|
|
|a SNSK
|b slo
|e rda
|c SK
|
| 041 |
|
|
|a slo
|
| 043 |
|
|
|a e-xo- - -
|
| 044 |
|
|
|a xo
|c SK
|
| 080 |
|
|
|a 904
|2 2011
|
| 080 |
|
|
|a 636.084.7
|2 2011
|
| 245 |
0 |
0 |
|a Rozpadne sa unikátna 105-ročná cisterna?
|b historické technické dielo pri Tožňave mení pána
|c [autor] kz; foto: autor, ane, mp
|
| 300 |
|
|
|b Fotografie
|
| 650 |
0 |
7 |
|a technické pamiatky
|2 snsk
|9 21763
|
| 650 |
0 |
7 |
|a cisterny
|2 snsk
|9 407764
|
| 650 |
0 |
7 |
|a napájanie dobytka
|2 snsk
|9 1213342
|
| 651 |
|
7 |
|a Plešivec (Slovensko)
|2 snsk
|9 29311
|
| 651 |
|
7 |
|a Rožňava (Slovensko : okres)
|2 snsk
|9 19215
|
| 773 |
0 |
|
|t Nový Čas
|g Roč. 28, č. 254 (6.11.2018), s. 10-11
|x 1335-4655
|
| 852 |
|
|
|a SNSK
|b KIS3GCP
|
| 856 |
4 |
1 |
|u pohlad-na-1https://www.cas.sk/clanok/762254/historicke-technicke-dielo-pri-roznave-nema-pana-05-rocnu-cisternu-je-na-zaplakanie/
|
| 999 |
|
|
|c 3339613
|d 3341543
|